000 01135njm a22002657a 4500
005 20100904104645.0
006 a|||||r|||||00| 0
007 sd ammalaaahaa
008 100904t xxu||||| |||| 00| 0 eng d
028 _aN-52874
_bHis Master's Voice
035 _aGR-617
040 _aSED
_cSED
100 _917690
245 _aSamrat Prithviraj Chauhan /
_csung by Lata Mangeshkar; music by Vasant Desai; lyric by Bharat Vyas
_h[Sound Recording] :
246 _aसम्राट पृथ्वीराज चौहान /
260 _aDum Dum India
_bHis Master's Voice
300 _a1 sound disc (Gramophone Recording)
_banalog 33 1/3 rpm
_c9.5 in. (MP)
_fGramophone Record
500 _aBrief Record
505 _aSide-1 ना बरसो बादल (Naa Barso Baadal) (Lata Mangeshkar ) -- Side-2 छुप छुप के (Chhup Chhup ke) (Lata Mangeshkar)
650 _aHindustani Classical Music
_xExcerpts
_zIndia
_917691
700 _aDesai, Vasant
_918221
700 _aVyas, Bharat
_918222
942 _2ddc
_cGR
999 _c43688
_d43688